| 000 | 00466nam a22001817a 4500 | ||
|---|---|---|---|
| 003 | OSt | ||
| 005 | 20211222120513.0 | ||
| 008 | 211222b |||||||| |||| 00| 0 eng d | ||
| 020 | _a8131501949 | ||
| 040 | _cH.U | ||
| 082 |
_a004.16 _b1 |
||
| 100 |
_aHwang,E.O _924291 |
||
| 245 | _aDigital Logic & Microprocessor Design with VHDL | ||
| 260 |
_aAustralia _bTHOMSON _c2006. |
||
| 300 |
_aillustration _c23cm*22cm |
||
| 500 | _aincludes Index | ||
| 942 |
_2ddc _cBOOKS _n0 |
||
| 999 |
_c23447 _d23447 |
||